000
00294 a2200145 4500
001
169493
020
_a
040
_c
Magnum
100
_a
Bruner, Jerome
240
1
0
_a
O processo da educacao
_l
por
245
1
0
_a
O processo da educacao
362
0
_a
1899
697
_a
ENSINO
942
_c
BK
999
_c
169493
_d
169493